Statistical models based on counting processes
Αποθηκεύτηκε σε:
| Άλλοι συγγραφείς: | |
|---|---|
| Μορφή: | Βιβλίο |
| Γλώσσα: | English |
| Δημοσίευση: |
New York :
Springer Verlag,
c1993
|
| Σειρά: | Springer series in statistics
|
| Θέματα: | |
| Ετικέτες: |
Προσθήκη ετικέτας
Δεν υπάρχουν, Καταχωρήστε ετικέτα πρώτοι!
|
MARC
| LEADER | 00000nam a2200000 i 4500 | ||
|---|---|---|---|
| 001 | 1/13339 | ||
| 008 | 001124s1993 eng d | ||
| 020 | |a 038-794-519-9 | ||
| 035 | |l 10064583 | ||
| 040 | |a GR-MY-UA |b gre |e aacr | ||
| 041 | 0 | |a eng | |
| 082 | 0 | |a 519.23 | |
| 245 | 1 | 0 | |a Statistical models based on counting processes / |c Per Kragh Andersen ... [et al.]. |
| 260 | |a New York : |b Springer Verlag, |c c1993 | ||
| 300 | |a xi, 767 p.; |b ill.; |c 24 cm. | ||
| 490 | 1 | |a Springer series in statistics | |
| 504 | |a Includes bibliographical references and index | ||
| 650 | 0 | 0 | |a Point processes. |
| 650 | 0 | 0 | |a Mathematical statistics. |
| 700 | 1 | |a Andersen, Per Kragh. | |
| 830 | 0 | |a Springer series in statistics | |
| 852 | |a INST |b SAMOS |e 20001124 |h 519.23 STA |p 005300018340 |q 005300018340 |t BK |y 0 | ||
| 901 | |a BIBL3-2000-3 | ||
| 909 | |a Σ |b 082308 | ||
| 922 | |a 3ΕΛΗ |b 200010 |c ΤΣΑΕ/ΚΒ |d ΜΙΧΑΛΟΠΟΥΛΟΣ | ||
| 950 | |a 184-2000-09-12 | ||
| 970 | |a ΠΟΥΡΝΑΡΑΣ |b ΔΗΜΗΤΡΗΣ |z 2000/11/29 | ||